000
00307nam a2200121Ia 4500
008
220204s9999 xx 000 0 und d
082
_a
067.02
_b
ANS
100
_a
Ansley, Arthur C
245
0
_a
Manufacturing methods and processes
250
_a
Rev ed
260
_a
Philadelphia
_b
Chilton
_c
1957
942
_c
BK
999
_c
23893
_d
23893